Defektoskopia pomocou rýchlych neutrónov

Salvato in:
Dettagli Bibliografici
Autore principale: Valluš, Juraj (Autore)
Altri autori: Lűley, Jakub (Relatore della tesi)
Natura: Manoscritto Libro
Lingua:slovacco
Pubblicazione: 2025
Soggetti:
Accesso online:http://is.stuba.sk/zp/portal_zp.pl?podrobnosti=184573
Tags: Aggiungi Tag
Nessun Tag, puoi essere il primo ad aggiungerne!!

MARC

LEADER 00000ntm a22000003a 4500
001 stuzp102291
003 SK-STU
005 20250614211130.2
007 ta
008 150427s2015----xo-----f-mn---000-0-slo-d
040 |a STU  |b slo 
041 0 |a slo 
100 1 |a Valluš, Juraj  |u 036000  |4 aut  |U FEI Fakulta elektrotechniky a informatiky  |T FEI Ústav jadrového a fyzikálneho inžinierstva  |X 111263  |U E060  |Y 817  |7 111263 
242 0 1 |a Fast neutron defectoscopy  |y eng 
245 1 0 |a Defektoskopia pomocou rýchlych neutrónov 
260 |c 2025 
650 4 |a plastic scintillators  |2 eng 
650 4 |a detection system  |2 eng 
650 4 |a fast neutrons  |2 eng 
650 4 |a defectoscopy  |2 eng 
650 4 |a Radiography  |2 eng 
650 4 |a Rádiografia  |2 slo 
650 4 |a detekčný systém  |2 slo 
650 4 |a plastové scintilátory  |2 slo 
650 4 |a rýchle neutróny  |2 slo 
650 4 |a defektoskopia  |2 slo 
700 1 |a Lűley, Jakub  |u 036000  |k Z1  |4 ths  |U FEI Fakulta elektrotechniky a informatiky  |T FEI Ústav jadrového a fyzikálneho inžinierstva  |X 22849  |U E060  |Y 817  |7 A000022849 
856 4 |u http://is.stuba.sk/zp/portal_zp.pl?podrobnosti=184573